Sports Quiz

Random Sports or Basketball Quiz

Basketballs in NBA Logos Quiz Stats

 Plays Quiz not verified by Sporcle

Support Sporcle.
Go Orange.
Score 0/21 Timer 02:00
0 Plays Today
% Correct
Miami
84.2%
Los Angeles
83%
Boston
78.8%
Los Angeles
69.1%
Orlando
67%
New York
66.1%
New Jersey
61.8%
Indiana
57%
Phoenix
54.8%
Dallas
54.5%
Washington
53%
% Correct
Cleveland
52.4%
Oklahoma City
52.1%
Detroit
50.9%
Utah
50.9%
Atlanta
50.3%
Philadelphia
50%
Toronto
50%
New Orleans
45.5%
Sacramento
45.5%
Golden State
43.9%

You're not logged in!

Compare scores with friends on all Sporcle quizzes.
OR
Log In

From the Vault

MLB: Two-League Cities

by skipster73

Towns that are big enough for both the junior and senior circuit.
Remove Ads.
Support Sporcle.
Get the best of Sporcle when you Go Orange. This ad-free experience offers more features, more stats, and more fun while also helping to support Sporcle. Thank you for becoming a member.

Show Comments

Extras

Top Quizzes Today


Score Distribution

Your Account Isn't Verified!

In order to create a playlist on Sporcle, you need to verify the email address you used during registration. Go to your Sporcle Settings to finish the process.

Report this User

Report this user for behavior that violates our Community Guidelines.

Details: